000 00460nam a2200181Ia 4500
001 24320
005 20260414151035.0
008 260414t2018||||xx |||||||||||||| ||spa||
041 _aESP
082 _a345.3
_bS92
100 _aSumaria Benavente, Omar
_eAUT
245 0 _aTeoría de la prueba :
_banálisis y razonamiento probatorio
260 _c2018
300 _a446 páginas :
_c25 cm.
650 _aDER
654 _aCDE
942 _cLIB
_dJUS
_fJUS
_2ddc
_n
999 _c24320
_d24320